Macroeconomía y mercado de trabajo durante el plan de convertibilidad (Registro nro. 24939)

Detalles MARC
000 -LEADER
fixed length control field 00381 a2200121 4500
001 - CONTROL NUMBER
control field ART_47173
005 - DATE AND TIME OF LATEST TRANSACTION
control field 20260410161850.0
008 - FIXED-LENGTH DATA ELEMENTS--GENERAL INFORMATION
fixed length control field 260409a
100 1# - MAIN ENTRY--PERSONAL NAME
Personal name Gerchunoff, Pablo
245 10 - TITLE STATEMENT
Title Macroeconomía y mercado de trabajo durante el plan de convertibilidad
700 1# - ADDED ENTRY--PERSONAL NAME
Personal name Kacef, Osvaldo
773 0# - HOST ITEM ENTRY
Title Económica
Related parts - Año XLII, Nº 1/2 (ene. 1996)
Record control number REV7541

No hay ítems disponibles.